Los escarabajos vuelan al atardecer
Saved in:
| Main Author: | |
|---|---|
| Format: | Book |
| Language: | Spanish |
| Published: |
Madrid
SM
1995
|
| Edition: | 23a. ed |
| Series: | Gran Angular, 31
|
| Subjects: | |
| Tags: |
Add Tag
No Tags, Be the first to tag this record!
|
MARC
| LEADER | 00000nam a2200000 a 4500 | ||
|---|---|---|---|
| 001 | UCH8325 | ||
| 003 | CL-VaPUC | ||
| 008 | 091127e19950000SP |||||||||||||||||spa|d | ||
| 020 | |a 8434811634 | ||
| 082 | 0 | 4 | |a 833 |b GRI |2 21 |
| 100 | |a Gripe, María |e author |9 581443 | ||
| 245 | 1 | 4 | |a Los escarabajos vuelan al atardecer |
| 250 | |a 23a. ed | ||
| 300 | |a 227 p | ||
| 942 | |c BK | ||
| 945 | |d 20091127 00:00:00 |a lazolas | ||
| 260 | |a Madrid |b SM |c 1995 | ||
| 650 | 0 | |a Literatura |9 259151 | |
| 650 | 7 | |a LITERATURA GERMANA |2 CL-VaPUC |9 541857 | |
| 650 | 7 | |a NOVELAS |2 CL-VaPUC |9 333250 | |
| 650 | 0 | |a Escritores |9 313723 | |
| 650 | 0 | |a Ficción |9 376687 | |
| 650 | 0 | |a Lectura |9 307634 | |
| 651 | 0 | |a Alemania |9 255688 | |
| 583 | |a last modification |c 20091127 00:00:00 |k Rodrigo Vera | ||
| 490 | 0 | |a Gran Angular, 31 | |
| 999 | |c 338548 |d 338546 | ||